000 00825cam a2200229 a 4500
001 000034945
005 20200930074013.0
008 890410s1957 sp 000 0 spa d
040 _aDO-SdBNP
_bspa
_cBNPHU
082 _axxxx
_bC348, 1957
100 1 _aBrinton, Crane
_960522
240 1 0 _aIdeas and men the story of western thought
_lEspañol
245 1 0 _aLas ideas y los hombres :
_bhistoria delpensamiento de occidente /
_cCrane Brinton ; traducción del inglés, prólogo y apéndice bibliográfico por Agustín Caballero.
250 _a2a ed.
260 _aMadrid :
_bAguilar,
_c1957.
300 _a320 p. ;
_c22 cm.
490 1 _aBiblioteca cultura e historia
500 _aTraducido del inglés
700 1 _aCaballero, Agustín,
_etr.
_960523
830 0 _aBiblioteca cultura e historia
_960524
049 _aBNGR
999 _c34436
_d34436